<?xml version="1.0" encoding="UTF-8"?>
<marc:record xmlns:marc="http://www.loc.gov/MARC21/slim">
   <marc:leader>00000nam a2200000 a 4500</marc:leader>
   <marc:datafield ind1="1" ind2=" " tag="100">
      <marc:subfield code="a">Dolezal, Rudi</marc:subfield>
      <marc:subfield code="4">ctb</marc:subfield>
      <marc:subfield code="e">Mitwirkende/-r</marc:subfield>
   </marc:datafield>
   <marc:datafield ind1="1" ind2=" " tag="100">
      <marc:subfield code="a">Prokopetz, Joesi</marc:subfield>
      <marc:subfield code="4">ctb</marc:subfield>
      <marc:subfield code="e">Mitwirkende/-r</marc:subfield>
   </marc:datafield>
   <marc:datafield ind1=" " ind2=" " tag="653">
      <marc:subfield code="a">Geschichte</marc:subfield>
   </marc:datafield>
   <marc:datafield ind1=" " ind2=" " tag="653">
      <marc:subfield code="a">Popmusik</marc:subfield>
   </marc:datafield>
   <marc:datafield ind1=" " ind2=" " tag="653">
      <marc:subfield code="a">Softcover / Sachbücher/Musik</marc:subfield>
   </marc:datafield>
   <marc:datafield ind1=" " ind2=" " tag="653">
      <marc:subfield code="a">Film</marc:subfield>
   </marc:datafield>
   <marc:datafield ind1=" " ind2=" " tag="653">
      <marc:subfield code="a">Theater/Pop</marc:subfield>
   </marc:datafield>
   <marc:datafield ind1=" " ind2=" " tag="653">
      <marc:subfield code="a">Rock</marc:subfield>
   </marc:datafield>
   <marc:datafield ind1="0" ind2="0" tag="245">
      <marc:subfield code="a">Austropop - das Buch</marc:subfield>
   </marc:datafield>
   <marc:datafield ind1="0" ind2="0" tag="245">
      <marc:subfield code="b">weltberühmt in Österreich</marc:subfield>
   </marc:datafield>
   <marc:datafield ind1="0" ind2="0" tag="245">
      <marc:subfield code="c">Rudi Dolezal mit Joesi Prokopetz</marc:subfield>
   </marc:datafield>
   <marc:datafield ind1=" " ind2="1" tag="264">
      <marc:subfield code="a">Berlin</marc:subfield>
      <marc:subfield code="b">Bosworth</marc:subfield>
      <marc:subfield code="c">2009</marc:subfield>
   </marc:datafield>
   <marc:datafield ind1="1" ind2=" " tag="520">
      <marc:subfield code="a">Angaben aus der Verlagsmeldung

Weltberühmt in Österreich - Das Buch

Von Rudi Dolezal &amp; Joesi Prokopetz. 'Weltberühmt in Österreich - der Brockhaus des Austropop!' (Wolfgang Ambros)
Der 'Urknall' des Austropop liegt etwa ein halbes Jahrhundert zurück. Mundartliche Texte verbanden sich mit Musikstilen wie Chanson, Pop- und Rockmusik. Das Ergebnis war eine einzigartige Erfolgsgeschichte: Als facettenreiche musikalische Bewegung wurde Austropop weit über die Grenzen Österreichs hinaus bekannt und steht heute unbestritten für Popkultur made in Austria.
Mit Rudi Dolezal und Joesi Prokopetz haben sich die besten Kenner des Austropop zusammengetan und das ultimative Austropop-Buch vorgelegt. Sie porträtieren österreichische Bands und Solokünstler von den Anfängen bis heute; eine Reihe von Stars kommen mit eigenen Beiträgen zu Wort und viele Größen des Austropop geben in ausführlichen Interviews sehr persönliche Einblicke in die österreichische Popszene. Die Palette reicht von Ambros, Mendt, Danzer, Fendrich, Pluhar, Heller, EAV, STS, Opus und Werger über die Hallucination Company, Drahdiwaberl, Baum und DJ Ötzi bis zu Stürmer, Kruder/Dorfmeister und vielen anderen.
Rudi Dolezal ist Autor, Filmproduzent und Regisseur. Er gründete mit Hannes Rossacher die Produktionsfirma DoRo, die sich mit Fernsehsendungen sowie mit Musikvideos, Filmporträts und -dokumentationen einen Namen machte. Das Video zu Falcos Welthit Rock me Amadeus wurde international berühmt. Dolezal erhielt zahlreiche Preise und Ehrungen; für die DoRo-Produktion Weltberühmt in Österreich - 50 Jahre Austropop gab es die Goldene Romy.
Joesi Prokopetz Josef ist Autor, Songwriter und Musiker. Seine Texte für Ambros-Lieder wie Da Hofa oder Es lebe der Zentralfriedhof wurden zu Meilensteinen des Austropop. Prokopetz war außerdem Mitbegründer und Songwriter der Band DÖF (Deutsch-Österreichisches Feingefühl), das mit dem Song Codo internationale Erfolge feierte.
</marc:subfield>
   </marc:datafield>
   <marc:datafield ind1=" " ind2=" " tag="020">
      <marc:subfield code="a">9783865434203</marc:subfield>
      <marc:subfield code="9">9783865434203</marc:subfield>
   </marc:datafield>
   <marc:datafield ind1=" " ind2=" " tag="020">
      <marc:subfield code="a">3865434207</marc:subfield>
      <marc:subfield code="9">3865434207</marc:subfield>
   </marc:datafield>
   <marc:datafield ind1=" " ind2=" " tag="041">
      <marc:subfield code="a">ger</marc:subfield>
   </marc:datafield>
   <marc:datafield ind1=" " ind2=" " tag="300">
      <marc:subfield code="a">239 S.</marc:subfield>
   </marc:datafield>
</marc:record>
